Kamishibai "štíhly" prístup k auditovaniu procesov
Štíhly spôsob auditovania so zapojením predstaviteľov rôznych úrovní organizačnej štruktúry pomocou Kamishibai systému. Prostriedok zvyšovania efektívnosti procesných auditov.
Enregistré dans:
| Auteur principal: | |
|---|---|
| Autres auteurs: | |
| Format: | Chapitre de livre |
| Langue: | slovaque |
| Sujets: | |
| Tags: |
Pas de tags, Soyez le premier à ajouter un tag!
|
MARC
| LEADER | 00000naa a2200000 4500 | ||
|---|---|---|---|
| 001 | 0185191 | ||
| 005 | 20231012072514.3 | ||
| 041 | 0 | |a slo | |
| 044 | |a SK | ||
| 245 | 1 | 0 | |a Kamishibai "štíhly" prístup k auditovaniu procesov |c Marián Drábik, Yulia Šurinová |
| 520 | |a Štíhly spôsob auditovania so zapojením predstaviteľov rôznych úrovní organizačnej štruktúry pomocou Kamishibai systému. Prostriedok zvyšovania efektívnosti procesných auditov. | ||
| 610 | 2 | 0 | |a výroba štíhla |
| 610 | 2 | 0 | |a riadenie výroby |
| 610 | 2 | 0 | |a riadenie procesné |
| 610 | 2 | 0 | |a technológia |
| 610 | 2 | 0 | |a modernizácia |
| 610 | 2 | 0 | |a procesy podnikové |
| 610 | 2 | 0 | |a audit interný |
| 100 | 1 | |a Drábik, Marián | |
| 700 | 1 | |a Šurinová, Yulia | |